La virgen nuestra señora
Bewaard in:
| Hoofdauteur: | |
|---|---|
| Formaat: | Boek |
| Taal: | Spaans |
| Gepubliceerd in: |
Madrid
Rialp
1957
|
| Editie: | 2a. ed |
| Reeks: | Patmos Libros de Espiritualidad, 60
|
| Onderwerpen: | |
| Tags: |
Voeg label toe
Geen labels, Wees de eerste die dit record labelt!
|
MARC
| LEADER | 00000nam a2200000 a 4500 | ||
|---|---|---|---|
| 001 | UCL0981 | ||
| 003 | CL-VaPUC | ||
| 008 | 030829e19570000SP |||||||||||||||||spa|d | ||
| 082 | 0 | 4 | |a 232.91 |b SUA |2 21 |
| 100 | 0 | |a Suárez, Federico |e author |9 477767 | |
| 245 | 1 | 3 | |a La virgen nuestra señora |
| 250 | |a 2a. ed | ||
| 300 | |a 358 p | ||
| 942 | |c BK | ||
| 945 | |d 20030829 00:00:00 |a rbrito | ||
| 260 | |a Madrid |b Rialp |c 1957 | ||
| 600 | 0 | |a Virgen María |9 314204 | |
| 650 | 0 | |a Mariología |9 365249 | |
| 650 | 7 | |a MADRE DE DIOS |2 CL-VaPUC |9 477768 | |
| 650 | 7 | |a CULTO MARIANO |2 CL-VaPUC |9 477769 | |
| 650 | 0 | |a Vida religiosa |9 257284 | |
| 583 | |a last modification |c 20030829 00:00:00 |k Rodrigo Vera | ||
| 490 | 0 | |a Patmos Libros de Espiritualidad, 60 | |
| 999 | |c 304697 |d 304695 | ||
| 952 | |0 0 |1 0 |4 0 |6 232_910000000000000_SUA_1957 |7 0 |8 P |9 367354 |a BIBTEO |b BIBTES |c TEO_FTES |d 2019-11-21 |i 3926826 |o 232.91 SUA 1957 |p 3926826 |r 2024-01-18 |w 2019-11-21 |y BK |k ICR | ||